000 00783nam a2200229Ia 4500
003 GCL
008 140319s9999 xx 000 0 ara d
020 _a3325979977
040 _aGCL /
_cGCL
082 0 4 _aق
_b321.09
_bي م
100 1 _aيوسف هلال
245 1 0 _aمن كواليس السياسة والحكم الانقلابات الوزارية فى مصر /
_cيوسف هلال
260 _aالقاهرة :
_bدار الخيال ،
_c2003
300 _a207 ص ؛
_c24 سم
650 0 4 _aالامن القومى
650 0 4 _aالاضطرابات السياسية
650 0 4 _aالانقلابات
650 0 4 _aرجال الدولة
650 0 4 _aمصر - الاحوال السياسية
650 0 4 _aالوزراء - انهاء خدمة
942 _2ddc
_cBK
999 _c6153
_d6153